An Introduction to Vyasa's Mahabharata / (Record no. 42618)

MARC details
000 -LEADER
fixed length control field 00638nam a22001937a 4500
005 - DATE AND TIME OF LATEST TRANSACTION
control field 20100819160323.0
010 ## - LCCN (DPL NO)
LC control number ENG-101006
020 ## - INTERNATIONAL STANDARD BOOK NUMBER
International Standard Book Number 8181573382
Terms of availability 100.00
035 ## - SYSTEM CONTROL NUMBER
System control number EN-84539
037 ## - SOURCE OF ACQUISITION
Source of stock number/acquisition DBAD/PUB
082 ## - DEWEY DECIMAL CLASSIFICATION NUMBER
Classification number 230.1
100 ## - MAIN ENTRY--PERSONAL NAME
Personal name P Lal
245 ## - TITLE STATEMENT
Title An Introduction to Vyasa's Mahabharata /
Statement of responsibility, etc by P Lal
260 ## - PUBLICATION, DISTRIBUTION, ETC. (IMPRINT)
Place of publication, distribution, etc Kolkata
Name of publisher, distributor, etc Writers Workshop
Date of publication, distribution, etc 2005
270 ## - ADDRESS
Address Writers Workshop
City Kolkata
300 ## - PHYSICAL DESCRIPTION
Extent 83p
Dimensions 21cm(pbk)
942 ## - ADDED ENTRY ELEMENTS (KOHA)
Source of classification or shelving scheme Dewey Decimal Classification
Item type English Books
Classification part 230.1
Call number suffix LAL
Holdings
Withdrawn status Lost status Not for loan Collection code Home library Current library Date acquired Source of acquisition Cost, normal purchase price Full call number Barcode Copy number Cost, replacement price Koha item type
    Not For Loan Non-fiction D.B.Act.Division D.B.Act.Division 19/08/2010 DBAD/PUB 100.00 230.1 LAL EN-84539 1 100.00 English Books

© Delhi Public Library
Hit Counter
free hit counter